000 00435nam a2200169Ia 4500
008 240729s9999 xx 000 0 und d
022 _a1364-3703
245 0 _aMolecular Plant Pathology
260 _aUnited Kingdom
260 _bWiley
650 _a Botany
650 _a Plant culture | Science
650 _aAgriculture
856 _uhttps://doaj.org/toc/dcd9ac5b3f9c41b186538cfb734b52eb
942 _2ddc
942 _cDOAJEJ
999 _c72630
_d72630
945 _a1
_bMadushi Gamage
_c1
_dMadushi Gamage